-
MISHRA, K.L.P. AND CHANDRASEKARAN, N
Entry Personal Name
Number of records used in: 1
001 - CONTROL NUMBER
003 - CONTROL NUMBER IDENTIFIER
005 - DATE AND TIME OF LATEST TRANSACTION
- control field:
20240831143536.0
008 - FIXED-LENGTH DATA ELEMENTS
- fixed length control field:
240831|| aca||aabn | a|a d
040 ## - CATALOGING SOURCE
- Original cataloging agency:
JRU
- Transcribing agency:
JRU
100 ## - HEADING--PERSONAL NAME
- Personal name:
MISHRA, K.L.P. AND CHANDRASEKARAN, N
670 ## - SOURCE DATA FOUND
- Source citation:
Work cat.: (JRU)8612: MISHRA, K.L.P. AND CHANDRASEKARAN, N , THEORY OF COMPUTER SCIENCE: AUTOMATA LANGUAGES AND COMPUTATION , 2024